000 00577nam a22001697a 4500
005 20170605123737.0
010 _aENG-118101
020 _a9789385160592
_c1495.00
035 _aEN-101633
037 _bDBAD/PUB
082 _a327.51054
245 _aSino - Indian diplomacy /
_bPragmatic approach by Sh. Narendra Modi
_cedited by Harsharan Singh
260 _aNew Delhi
_bLenin Media
_c2015
270 _a202, IInd Floor, 4832/24,Prahlad Street, Ansari Road, Daryaganj, New Delhi-110002
300 _a288p.
_c22cm. (Hb)
942 _2ddc
_cEN
_h327.51054
_mSIN
999 _c139685
_d139685